00388 2200157 4500001002100000005001500021035002000036245005600056100001400112300001200126260003600138082000800174084001400182020002200196990001200218INLIS00000000000178620250506090540 a0010-05250000781 aDilan :bDia Adalah Dilanku Tahun 1990 /cPidi Baiq0 aPidi Baiq a332 hlm aBandung :bMizan Pustaka,c2014 a813 a813 PID d a978-602-7870-41-3 a0754584